I like stars / (Record no. 5079)
[ view plain ]
| 000 -LEADER | |
|---|---|
| fixed length control field | 00930nam a22003017a 4500 |
| 001 - CONTROL NUMBER | |
| control field | 5079 |
| 003 - CONTROL NUMBER IDENTIFIER | |
| control field | FISKH |
| 005 - DATE AND TIME OF LATEST TRANSACTION | |
| control field | 20241105100405.0 |
| 008 - FIXED-LENGTH DATA ELEMENTS--GENERAL INFORMATION | |
| fixed length control field | 241105b cb ||||| |||| 00| 0 eng d |
| 020 ## - INTERNATIONAL STANDARD BOOK NUMBER | |
| International Standard Book Number | 033500261053 |
| 040 ## - CATALOGING SOURCE | |
| Original cataloging agency | FISKH |
| Language of cataloging | eng |
| Transcribing agency | FISKH |
| Modifying agency | FISKH |
| 050 ## - LIBRARY OF CONGRESS CALL NUMBER | |
| Classification number | PS3503.R82184 |
| 082 ## - DEWEY DECIMAL CLASSIFICATION NUMBER | |
| Classification number | 811.52 |
| 100 ## - MAIN ENTRY--PERSONAL NAME | |
| Personal name | Brown, Wise Margaret |
| Dates associated with a name | (1910–1952) |
| 245 ## - TITLE STATEMENT | |
| Title | I like stars / |
| Statement of responsibility, etc. | by Margaret Wise Brown illustrated by Joan Paley with an afterword by Leonard S. Marcus |
| 250 ## - EDITION STATEMENT | |
| Edition statement | 1954 |
| 260 ## - PUBLICATION, DISTRIBUTION, ETC. | |
| Place of publication, distribution, etc. | New York : |
| Name of publisher, distributor, etc. | A Golden, |
| Date of publication, distribution, etc. | 1954. |
| 300 ## - PHYSICAL DESCRIPTION | |
| Extent | 29 pages : |
| Other physical details | Color illustrations ; |
| Dimensions | 23 cm |
| 505 ## - FORMATTED CONTENTS NOTE | |
| Formatted contents note | B<br/> |
| 520 ## - SUMMARY, ETC. | |
| Summary, etc. | A simple poem describing all kinds of stars that appear in the night sky. |
| 521 8# - TARGET AUDIENCE NOTE | |
| Target audience note | 120L<br/> |
| Source | Lexile<br/> |
| 521 8# - TARGET AUDIENCE NOTE | |
| Target audience note | B<br/> |
| Source | Raz-plus<br/> |
| 650 ## - SUBJECT ADDED ENTRY--TOPICAL TERM | |
| Source of heading or term | Beginning reader |
| Topical term or geographic name entry element | Easy reader |
| 650 ## - SUBJECT ADDED ENTRY--TOPICAL TERM | |
| Source of heading or term | Space |
| Topical term or geographic name entry element | Science |
| 700 ## - ADDED ENTRY--PERSONAL NAME | |
| Personal name | Paley, Joan |
| Dates associated with a name | Illustrator |
| 942 ## - ADDED ENTRY ELEMENTS (KOHA) | |
| Source of classification or shelving scheme | Dewey Decimal Classification |
| Koha item type | Books |
| Suppress in OPAC | No |
| Withdrawn status | Lost status | Source of classification or shelving scheme | Damaged status | Not for loan | Collection | Home library | Current library | Shelving location | Date acquired | Total Checkouts | Full call number | Barcode | Date last seen | Copy number | Price effective from | Koha item type |
|---|---|---|---|---|---|---|---|---|---|---|---|---|---|---|---|---|
| Dewey Decimal Classification | Fiction | Footprints International School Library Network Toul Kork Campus | Footprints International School Library Network Toul Kork Campus | TK Primary Library Room(4th Floor), Bookcase 7, Shelves 57-60, Dark Green Books | 11/05/2024 | BRO 811.52 PS3503.R82184 | 2024-2283 | 11/05/2024 | 1 | 11/05/2024 | Books |
